00804nam a2200217 u 450000100100000000500170001000800410002704000250006808200280009310000380012124501010015925000110026026000440027130000210031550000620033650400310039865000570042965000250048665000580051199900170056900002070620200930011141.0100813s2001 dr r 000 0 spa d aDO-SdBNPbspacBPJMB a370.197293bH557h, 20011 aHernández, Pablo María94345110aHistoria del pensamiento pedagógico en la República Dominicana /cPablo María Hernández. a3a ed. aSanto Domingo :bImpresos Goris,c2001. a298 p. ;c22 cm. aIncluye datos biográficos del autor en la contraportada aBibliografía: p. 295-298 4aEducaciónzRepública DominicanaxHistoria913100 4aMaestroszRep943452 4aMaestroszRepública DominicanaxBiografías917426 c20210d20210